| 000 | 00634nam a22001937a 4500 | ||
|---|---|---|---|
| 003 | OSt | ||
| 005 | 20251121150907.0 | ||
| 008 | 251121b |||||||| |||| 00| 0 eng d | ||
| 020 | _a978-971-0506-20-0 | ||
| 040 |
_aDWC-Main lib. _cOC |
||
| 082 | _aFil. 371.26 AL386s 2009 | ||
| 100 | _aAlferez, Merle S. | ||
| 245 |
_aScience high school entrance tests : _breviewer/ _cMerle S. Alferez |
||
| 260 |
_aCainta, Rizal, Phils. : _bMSA Publishing House, _cc2009. |
||
| 300 |
_a189 pages ; _c26 cm. |
||
| 650 | _a1. Examinations--Study guides. | ||
| 650 | _a2. Educational tests and measurements. | ||
| 942 |
_2ddc _cBK - FIL _hFil. _n0 |
||
| 999 |
_c6018 _d6018 |
||